000 00485nam a22001937a 4500
005 20250604121401.0
010 _aENG-144103
020 _c750.00
035 _aEN-127635
037 _bDBAD
082 _a808.883
245 _aAt Home In India/
250 _a1
260 _aNew Delhi
_bWomen Unlimited
_c2024
270 _a7/10 First Floor ,Sarvapriya Vihar
_bDelhi
_e110016
300 _a438p.
_c22(pb)
760 _b1
942 _2ddc
_cEN
_h808.883
_mIND
_e1
999 _c211568
_d211567